000
00303nam a2200109Ia 4500
008
220204s9999 xx 000 0 und d
082
_a
334
_b
GAD
100
_a
GADGIL, D R
245
0
_a
Writings and speeches of professor D R Gadgil on cooperation
260
_a
Bombay
_b
POrient Longman
_c
1975
942
_c
BK
999
_c
23162
_d
23162